00664nam a2200241 a 4500001001300000003000900013005001700022008004100039020000900080082001800089100001800107245002300125260004000148300000900188500003500197505001000232650001500242700001800257902000800275942000700283952011700290999001500407nice12345678IN_TiNIC20260116012427.0050524s1991 hyda grp 000 0 urd  ac1400a891.4392bSAJ aSajed, Rahman aQadam Qadam Manzil aHyderabadbHussami Book Depotc1991 a175p aincludes index and biblioraphy2 aindex aDrama-Urdu1 aSajed, Rahman bSRS cBK 001040708StackRoom-aHMIbHMId2007-05-31g14.00l0o891.4392 SAJp014201r2007-05-31v14.00w2005-05-24yBK c6983d6983